00551 2200205 4500001002100000005001500021035002000036007000300056008004100059020002200100082001000122084001600132100001700148245003900165250001100204260004000215300004600255650002800301990001600329INLIS00000000000043820221102084315 a0010-1122000032ta221102 a 1 ind  a978-602-467-099-3 a028.5 a028.5 NOU k0 aNouf Zahra A1 aKetika Ben Berbeda /cNouf Zahra A aCet. I aJakarta :bErlangga For Kids,c2018 a32 halaman :bilustrasi berwarna ;c20 cm 4aSeri Pengembangan Emosi a00000000573